00439nam a2200121Ia 4500008004100000245012400041260004500165260000900210300000900219500001300228650001300241856006300254170516s9999 xx 000 0 und d aIL16 - Improving the bioavailability of pharmacologically active substances in pharmaceutical and cosmetic formulations bAsian Journal of Pharmaceutical Sciences c2016 a11:1 aFebruary xPharmacy uhttp://www.sciencedirect.com/science/journal/18180876/11/1